Man makes Himself / (Record no. 1276)
[ view plain ]
| 000 -LEADER | |
|---|---|
| fixed length control field | 00356cam a2200145ua 4500 |
| 041 ## - LANGUAGE CODE | |
| Language code of text/sound track or separate title | eng |
| 082 ## - DEWEY DECIMAL CLASSIFICATION NUMBER | |
| Classification number | 930 |
| Item number | CHI/MA |
| 100 ## - MAIN ENTRY--AUTHOR NAME | |
| Personal name | Childe, V.Gordon . |
| 245 ## - TITLE STATEMENT | |
| Title | Man makes Himself / |
| 260 ## - PUBLICATION, DISTRIBUTION, ETC. (IMPRINT) | |
| Place of publication | : |
| Name of publisher | The New American Library , |
| Year of publication | 1960. |
| 300 ## - PHYSICAL DESCRIPTION | |
| Number of Pages | 192 ; . |
| 942 ## - ADDED ENTRY ELEMENTS (KOHA) | |
| Koha item type | Books |
| Withdrawn status | Lost status | Damaged status | Home library | Current library | Date acquired | Full call number | Accession Number | Koha item type |
|---|---|---|---|---|---|---|---|---|
| Withdrawn | KAUAET | Sanskrit University | 07/04/2012 | 930 | 633 | Books |
